Регионална библиотека "Любен Каравелов" - Русе

Възпев на Родината (Запис номер 117284)

MARC детайли
000 -Лидер
Контролно поле с фиксирана дължина 01674nam a2200373 c 4500
003 - Код на организацията, давaща контролен номер
Контролно поле BLK
005 - Дата и час на последна редакция
Контролно поле 20180420231222.0
008 - Елементи от данни с фиксирана дължина
fixed length control field 180409b bul|||||r ||||||| ||bul||
010 ## - Наследен системен номер
LC control number KNG00122870000
040 ## - Източник на каталожния запис
Идентификатор на билиотеката - собственик на записа BLK
041 ## - Код за език
Код за езика на текст/звукозапис или на отделно заглавие Български
Код за езика КДБФ Български
080 ## - УДК
Текстов определител УДК Музиканти-творци, композитори
УДК код - определител по УДК 78.071.1
УДК определител (497.2)(092)
УДК - код + определител 78.071.1(497.2)(092)
080 ## - УДК
Текстов определител УДК Български композитор
УДК код - определител по УДК 929 Димитров, Георги Димитров
УДК определител
УДК - код + определител 929 Димитров, Георги Димитров
100 1# - Редна дума - Автор
Автор Морфов, Богдан Мирчев
Авторска отговорност първи автор
R(LIN) 260257
139 ## - Редно поле
Редна дума Морфов, Богдан Мирчев
Авторски знак Дими - Д 58
245 10 - Сведения за заглавието
Заглавие Възпев на Родината
Подзаглавни данни Биогр. повест за общественика и твореца н.а. Георги Димитров
Редно поле (дума) Богдан Мирчев Морфов.
257 ## - Страна на издаване
Страна на създаване/издаване България
260 ## - Област на издателските данни
-- София
Име на издателя, разпространителя и проч. Музика
Година на издаване 1981
300 ## - Физическа характеристика
Страници 267 с., 8 л.
Илюстрации и др. с ил.
Размери/Мащаб 20 см
380 ## - Жанр
Жанр Изкуство
500 ## - Общи забележки
Забележка На кор. подзагл. Мигове от живота на комп. Г. Димитров
600 14 - Име на лице, използвано като предмет
За него / За нея Димитров, Георги Димитров
9 (RLIN) 303527
650 #4 - Допълнително описание по предмет – тема
Основно описание – тема или топоним Композитори, български - биографии
9 (RLIN) 261390
651 #4 - Допълнително описание по предмет - топоним
Географско понятие България
9 (RLIN) 241624
653 ## - Ключова дума – ненормативна
Ключова дума композитори
653 ## - Ключова дума – ненормативна
Ключова дума биографии
653 ## - Ключова дума – ненормативна
Ключова дума България
653 ## - Ключова дума – ненормативна
Ключова дума Георги Димитров
852 ## - Местоположение
Форматна сигнатура Цб 107146
856 4# - Електронен адрес и достъп
Електронен формат pdf - файл
Път до файла /url/
856 4# - Електронен адрес и достъп
Електронен формат pdf - файл
Път до файла /url/
942 ## - АРТИКУЛИ
Вид на библиотечния материал Книги
Скрит в OPAC Не
944 ## - СЪЗДАВАНЕ И РЕДАКЦИЯ на ЗАПИСА
Създаване/Редакция Създаване
Дата на регистрацията/редакция 14.04.2011
Статус, дата на статуса добави в АБ / 13.04.2011
Служител, извършил регистрацията/редакцията Людмила_Стоянова
944 ## - СЪЗДАВАНЕ И РЕДАКЦИЯ на ЗАПИСА
Създаване/Редакция Редакция
Дата на регистрацията/редакция 28.08.2015
Статус, дата на статуса добави в АБ / 13.04.2011
Служител, извършил регистрацията/редакцията
999 ## - СИСТЕМНИ КОНТРОЛНИ НОМЕРА
Koha biblionumber 117284
Koha biblioitemnumber 117284
Наличности
Код за отписване Код за изгубен артикул Източник на класификационната схема Код за повреда Коз за рестрикции Код за отдаване Артикулен № Име на библиотеката - собственик Име на библиотеката, в която се намира в момента Статус (Текущо местоположение) Дата на вписване в системата Местоположение - отдел Цена в лева Инвентарен номер Систематично азбучна сигнатура Баркод Номер на екземпляра Цена в евро Служебна бележка Служебен тип на артикула
Изтеглен Не е изгубен Universal Decimal Classification Не е повреден без рестрикции заемане за дома 189045 Регионална библиотека "Любен Каравелов" Русе Регионална библиотека "Любен Каравелов" Русе Отдел Изкуство - подръчен фонд 1981-01-01 Отдел Изкуство - подръчен фонд 1.41 320167 И 78.071.1(497.2)(092)/Д 58 320167 1 0.72 N: стар фонд Дата: 01.01.1981 Дата инв: 19.06.2012 Бележки инв: * Книги
  Не е изгубен Universal Decimal Classification Не е повреден без рестрикции заемане за дома 189046 Регионална библиотека "Любен Каравелов" Русе Регионална библиотека "Любен Каравелов" Русе Отдел Изкуство - подръчен фонд 1981-01-01 Отдел Изкуство - подръчен фонд 1.41 320165 78.071.1(497.2)(092)/Д 58 120000320165 2 0.72 Дост: Pk Вид: Ф N: стар фонд Дата: 01.01.1981 Дата инв: 04.04.2017 Бележки инв: ИП2017 Книги
  Не е изгубен Universal Decimal Classification Не е повреден само за читалня ползва се в читалня 189047 Регионална библиотека "Любен Каравелов" Русе Регионална библиотека "Любен Каравелов" Русе Хранилище 1981-01-01 Хранилище 1.41 319253 Цб 107146 120000319253 3 0.72 Дост: Dp Вид: Д N: стар фонд Дата: 01.01.1981 Книги
Vip Innovations Ltd, Rousse, Bulgaria 2025